NASDAQ 100 Quiz Stats

 Plays Quiz Updated Jul 27, 2017

Challenge
Share
Tweet
Embed
Score 0/101 Timer 10:00
4 Plays Today
Symbol Company % Correct
GOOG, GOOGLAlphabet Inc. (Google)
91.6%
AAPLApple Inc.
87.6%
AMZNAmazon.com, Inc.
87.6%
EBAYeBay Inc.
87.6%
MSFTMicrosoft Corporation
80.8%
FOX, FOXATwenty-First Century Fox, Inc.
79.6%
COSTCostco Wholesale Corporation
74.7%
NFLXNetflix, Inc.
74.7%
ADBEAdobe Systems Incorporated
71.5%
AALAmerican Airlines Group, Inc.
66.7%
CSCOCisco Systems, Inc.
66.6%
PYPLPayPal Holdings, Inc.
65.1%
TSLATesla Motors, Inc.
64.8%
EAElectronic Arts Inc.
64.8%
FBFacebook
60.8%
INTCIntel Corporation
53.7%
MXIMMaxim Integrated Products, Inc.
53.7%
QCOMQUALCOMM Incorporated
53.1%
HASHasbro, Inc.
52.5%
SBUXStarbucks Corporation
50.1%
CSXCSX Corporation
46.1%
CMCSAComcast Corporation
44.7%
TXNTexas Instruments Inc.
42.1%
ULTAUlta Beauty, Inc.
41.1%
CACA Inc.
40.8%
NVDANVIDIA Corporation
38.5%
PEPPepsiCo
38.1%
KHCThe Kraft Heinz Company
37.8%
INTUIntuit Inc.
36.1%
CHTRCharter Communications, Inc.
35.6%
SIRISirius XM Holdings Inc.
34.4%
JDJD.com, Inc.
34%
AMGNAmgen Inc.
31.6%
MNSTMonster Beverage Corporation
31.2%
Symbol Company % Correct
TMUST-Mobile US, Inc.
31.2%
MARMarriott International, Inc
31.2%
ADPAutomatic Data Processing, Inc.
28.8%
ATVIActivision Blizzard, Inc
28.1%
ILMNIllumina, Inc.
27.9%
BIDUBaidu, Inc.
26.6%
PAYXPaychex, Inc.
26.4%
ADSKAutodesk, Inc.
24.6%
VODVodafone Group Plc
23.9%
SYMCSymantec Corporation
23.8%
CERNCerner Corporation
23.8%
AVGOBroadcom Limited
23.8%
WBAWalgreens Boots Alliance
23.6%
CELGCelgene Corporation
22.4%
DLTRDollar Tree, Inc.
22.4%
ADIAnalog Devices, Inc.
22.3%
EXPEExpedia, Inc.
21.5%
ALGNAlign Technology
20.7%
WYNNWynn Resorts, Limited
20.2%
CTXSCitrix Systems, Inc.
19.8%
CHKPCheck Point Software Technologies Ltd.
19.8%
BIIBBiogen Inc.
19.7%
FISVFiserv, Inc.
19.5%
BMRNBioMarin Pharmaceutical Inc.
19.4%
CTRPCtrip.com International, Ltd.
18.9%
IDXXIDEXX Laboratories, Inc.
18.8%
INCYIncyte Corporation
18.7%
ASML ASML Holding
18.7%
NTESNetEase, Inc.
18.7%
MDLZMondelez, Inc.
18.6%
ORLYO'Reilly Automotive, Inc.
18.5%
AMATApplied Materials, Inc.
18.5%
MYLMylan, Inc.
17.6%
LBTYA, LBTYK, LILA, LILAKLiberty Global, plc.
17.2%
Symbol Company % Correct
GILDGilead Sciences, Inc.
17.2%
FASTFastenal Company
17.1%
SHPGShire plc
17.1%
ROSTRoss Stores, Inc.
16.6%
VRTXVertex Pharmaceuticals Incorporated
16.4%
ESRXExpress Scripts Holding Company
15.8%
BKNGBooking Holdings
15.7%
LRCXLam Research Corporation
15%
SWKSSkyworks Solutions, Inc.
14.9%
ALXNAlexion Pharmaceuticals Inc.
14.8%
QVCALiberty Interactive Corporation
14.3%
PCARPACCAR Inc.
14.2%
CDNSCadence Design Systems
13.9%
MUMicron Technology, Inc.
13.8%
STXSeagate Technology
13.6%
QRTEAQurate Retail Group
13.4%
MCHPMicrochip Technology Incorporated
12.3%
XLNXXilinx, Inc.
11.7%
WDCWestern Digital Corporation
11.5%
WDAY Workday, Inc.
11.5%
HSICHenry Schein, Inc.
10.8%
TTWO Take-Two Interactive
10.7%
SNPSSynopsys
9.5%
MELIMercadoLibre, Inc.
9.5%
VRSKVerisk Analytics, Inc.
9.3%
CTSHCognizant Technology Solutions Corporation
9.2%
ISRGIntuitive Surgical, Inc.
9.2%
CTASCintas Corporation
9.1%
REGNRegeneron Pharmaceuticals, Inc.
8.8%
JBHTJ.B. Hunt Transport Services, Inc.
6.9%
HOLXHologic, Inc.
6.6%
KLACKLA-Tencor Corporation
5.1%
XRAYDentsply Sirona Inc.
2.9%

You're not logged in!

Compare scores with friends on all Sporcle quizzes.
OR
Log In

You Might Also Like...

Show Comments

Extras

Top Quizzes Today


Score Distribution

Your Account Isn't Verified!

In order to create a playlist on Sporcle, you need to verify the email address you used during registration. Go to your Sporcle Settings to finish the process.

Report this User

Report this user for behavior that violates our Community Guidelines.

Details: